00703nam a2200205 i 450000500170000000800410001702000380005804000250009608200170012110000280013824500850016626400620025130000230031333600210033633700250035733800230038265000300040565000190043571000430045420250806103516.0250804s2025 my gr 000 f may d a9789670874968cRM37.00qpaperback aPPAKbengcPPAKerda04223a899.23330 aAnuar Darwisy,eauthor.10aAURA AKU AKAN MERASUKMU /cANUAR DARWISY ; Editor : Jabatan Editorial Kaki Novel 1aWangsa Maju, Kuala Lumpur :bKaki Novel Sdn Bhd,c[2025?] a562 pages ;b19 cm atext2rdacontent aunmediated2rdamedia avolume2rdacarrier14aMalaysian fiction (Malay)20aMalay fiction 2 aJabatan Editorial Kaki Novel,eeditor.